| 000 | 00698nam a2200205Ia 4500 | ||
|---|---|---|---|
| 001 | 9232 | ||
| 003 | GE_BSU | ||
| 008 | 181216s||||||||xx |||||||||||||| ||und|| | ||
| 040 | _cGE_BSU | ||
| 080 | _a821.353.1–1+821.353.1-11 | ||
| 100 | _aლორთქიფანიძე,ზურაბ | ||
| 245 | _aლექსები.პოემები | ||
| 245 | _cრედ.ე.მოისწრაფიშვილი, მხარტვ.დ.დუნდუა | ||
| 260 | _aთბილისი | ||
| 260 | _bსაბჭოთა საქართველო | ||
| 260 | _c1984 | ||
| 300 | _a203გვ.16სმ. | ||
| 653 | _aლექსები.პოემები | ||
| 942 | _cBK | ||
| 999 |
_c42535 _d42535 |
||